Facilities in ports for the reception of oil residues; : results of an enquiry made in 1972 (Record no. 12506)

000 -LEADER
fixed length control field 00405nam a22001337a 4500
008 - FIXED-LENGTH DATA ELEMENTS--GENERAL INFORMATION
fixed length control field 210204b ||||| |||| 00| 0 eng d
082 00 - DEWEY DECIMAL CLASSIFICATION NUMBER
Classification number 387.15
Item number I325
110 ## - MAIN ENTRY--CORPORATE NAME
9 (RLIN) 806
Corporate name or jurisdiction name as entry element IMCO
245 10 - TITLE STATEMENT
Title Facilities in ports for the reception of oil residues; : results of an enquiry made in 1972
260 ## - PUBLICATION, DISTRIBUTION, ETC. (IMPRINT)
Place of publication, distribution, etc London
Name of publisher, distributor, etc IMCO
Date of publication, distribution, etc 1972
300 ## - PHYSICAL DESCRIPTION
Extent 30p.
650 #0 - SUBJECT ADDED ENTRY--TOPICAL TERM
Topical term or geographic name as entry element Oil pollution of rivers, harbors
942 ## - ADDED ENTRY ELEMENTS (KOHA)
Item type Books
Holdings
Withdrawn status Lost status Source of classification or shelving scheme Damaged status Not for loan Permanent location Current location Date acquired Source of acquisition Full call number Barcode Date last seen Koha item type
          IMU Kolkata IMU Kolkata 1972-04-12 E. W. Steves & Co 387.15 I325 03810 2021-02-04 Books
Designed and Maintained by IMU-KC Library, Kolkata Campus © Copyright All Rights Reserved

webs counters

Powered by Koha